Fotografías de bolsillo

Saved in:
Bibliographic Details
Main Author: Allende S., Washington (Author)
Format: Book
Language:Spanish
Published: Santiago Pedro G. Ramírez 1885
Edition:1a. ed
Subjects:
Tags: Add Tag
No Tags, Be the first to tag this record!

MARC

LEADER 00000nam a2200000 a 4500
001 UCJ4333
003 CL-VaPUC
005 20220112105844.0
008 070124e18850000CL |||||||||||||||||spa|d
999 |c 320449  |d 320447 
040 |c Pontificia Universidad Católica de Valparaíso 
082 0 4 |a 923  |b ALL  |2 21 
100 0 |a Allende S., Washington  |e author  |9 507809 
245 1 0 |a Fotografías de bolsillo 
250 |a 1a. ed 
260 |a Santiago  |b Pedro G. Ramírez  |c 1885 
300 |a 192 p 
500 |a Más que biografías propiamente tales, se trata de juicios sobre el valer político de las personas tratadas 
583 |a last modification  |c 20070124 00:00:00  |k Rodrigo Vera 
600 0 |a Ibáñez Gutiérrez, Adolfo   |d 1827-1898  |9 506736 
600 0 7 |a VERGARA, JOSE FRANCISCO  |2 CL-VaPUC  |9 438237 
600 0 7 |a Mac Iver, Enrique,  |d 1844-1922  |9 861398 
600 0 7 |a BARRA, EDUARDO DE LA  |2 CL-VaPUC  |9 390300 
600 0 7 |a RECABARREN, MANUEL  |2 CL-VaPUC  |9 507810 
600 0 7 |a König, Abraham  |d 1846-1925  |9 859616 
600 0 7 |a PUELMA TUPPER, FRANCISCO  |2 CL-VaPUC  |9 507812 
600 0 7 |a TOCORNAL, ISMAEL  |2 CL-VaPUC  |9 504486 
600 0 7 |a VALDERRAMA, ADOLFO  |2 CL-VaPUC  |9 319543 
600 0 7 |a BAÑADOS ESPINOSA, JULIO  |2 CL-VaPUC  |9 504616 
600 0 |a Baquedano, Manuel  |9 504269 
650 7 |a BIOGRAFIA  |2 CL-VaPUC  |9 504622 
650 0 |a Políticos   |9 256302 
650 7 |a PARTIDO CONSERVADOR  |2 CL-VaPUC  |9 405101 
650 7 |a PARTIDO RADICAL  |2 CL-VaPUC  |9 383050 
852 |a BIBCUR 
942 |c BK  |2 ddc 
945 |d 20070124 00:00:00  |a rinostro 
952 |0 0  |1 0  |4 0  |6 923_000000000000000_ALL_1885  |7 0  |8 X  |9 398969  |a FDOBUD  |b FDOBUD  |d 2019-11-22  |i 101689K  |o 923 ALL 1885  |p 101689K  |r 2019-11-22  |w 2019-11-22  |y BK_X  |k BUD